| 000 | 01325nam a22003857a 4500 | ||
|---|---|---|---|
| 001 | BR7908172 | ||
| 003 | BR-BrBNA | ||
| 005 | 20230928090339.0 | ||
| 007 | ta | ||
| 008 | 230509b bl.||||| |||| 00| 0 por d | ||
| 040 |
_aBR-BrBNA _bpor _cBiblioteca Nacional de Agricultura |
||
| 041 | _a(Por) | ||
| 072 |
_aF00; F23; P10 _b/G514 |
||
| 090 | _ F00 BR7908172 | ||
| 110 | 1 |
_aCentro de Treinamento em Desenvolvimento Economico, Fortaleza, CE (Brasil) _91678 |
|
| 245 | 1 |
_aMicrorregiao sertoes de Quixeramobim. Estrategias de desenvolvimento [fisiografia, aptidao agricola, comercializacao, Ceara, Brasil] _b4. Curso de Planejamento Regional do Desenvolvimento |
|
| 260 | 3 |
_aFortaleza, CE (Brasil): _c1979. |
|
| 300 | _a355 p. | ||
| 500 | _aBibliography p. 352-356 (80 ref.). (*) Documento disponível na(o) Centro de Treinamento em Desenvolvimento Economico, Fortaleza, CE (Brazil) | ||
| 650 | _aFISIOGRAFIA | ||
| 650 | _aGEOLOGIA | ||
| 650 | _aMINERALOGIA | ||
| 650 | _aSOLO | ||
| 650 | _aCLASSIFICACAO DO SOLO | ||
| 650 | _aAPTIDAO AGRICOLA | ||
| 650 | _aBACIA HIDROGRAFICA | ||
| 650 | _aHIDROGEOLOGIA | ||
| 650 | _aDEMOGRAFIA | ||
| 650 | _aESTATISTICA DE PRODUCAO | ||
| 650 | _aPRATICA CULTURAL | ||
| 650 | _aPECUARIA | ||
| 650 | _aCEARA | ||
| 909 |
_a202309 _bLucia _c55 _dLucia Elande |
||
| 942 | _cBK | ||
| 999 |
_c28518 _d28518 |
||